MARC details
| 000 -CABECERA |
| campo de control de longitud fija |
02476cam a22002897a 4500 |
| 001 - NÚMERO DE CONTROL |
| campo de control |
a46750273 |
| 003 - IDENTIFICADOR DEL NÚMERO DE CONTROL |
| campo de control |
SIRSI |
| 005 - FECHA Y HORA DE LA ÚLTIMA TRANSACCIÓN |
| campo de control |
20251024131109.0 |
| 006 - CÓDIGOS DE INFORMACIÓN DE LONGITUD FIJA--CARACTERÍSTICAS DEL MATERIAL ADICIONAL |
| campo de control de longitud fija |
m o d |
| 007 - CAMPO FIJO DE DESCRIPCIÓN FÍSICA--INFORMACIÓN GENERAL |
| campo de control de longitud fija |
cr |n||||||||| |
| 008 - DATOS DE LONGITUD FIJA--INFORMACIÓN GENERAL |
| campo de control de longitud fija |
250112s2025 nju ob 001 0 eng d |
| 020 ## - NÚMERO INTERNACIONAL ESTÁNDAR DEL LIBRO |
| Número Internacional Estándar del Libro |
9781394283408 |
| 035 ## - NÚMERO DE CONTROL DEL SISTEMA |
| Número de control de sistema |
(OCoLC)1482532655 |
| 037 ## - FUENTE DE ADQUISICIÓN |
| Número de adquisición |
9781394283408 |
| Fuente del número de adquisición |
O'Reilly Media |
| 040 ## - FUENTE DE LA CATALOGACIÓN |
| Centro catalogador/agencia de origen |
YDX |
| Lengua de catalogación |
eng |
| Centro/agencia transcriptor |
YDX |
| Centro/agencia modificador |
OCLCO |
| -- |
ORMDA |
| -- |
UtOrBLW |
| 041 ## - CÓDIGO DE LENGUA |
| Código de lengua del texto/banda sonora o título independiente |
eng |
| 049 ## - FONDOS LOCALES (OCLC) |
| Fondos de biblioteca |
UPMM |
| 050 #4 - SIGNATURA TOPOGRÁFICA DE LA BIBLIOTECA DEL CONGRESO |
| Número de clasificación |
HF5548.85 |
| 100 1# - ENTRADA PRINCIPAL--NOMBRE DE PERSONA |
| Nombre de persona |
Kane, Cynthia. |
| Número de control del registro de autoridad o número normalizado |
http://id.loc.gov/authorities/names/no2018128326 |
| URI de un objeto del mundo real |
https://id.oclc.org/worldcat/entity/E39PBJhd7fXHtYgQmqVW7g3CwC |
| 245 10 - MENCIÓN DE TÍTULO |
| Título |
Pause principle |
| Resto del título |
: navigating the space between stimulus and response |
| Mención de responsabilidad, etc. |
/ Cynthia Kane. |
| 260 ## - PUBLICACIÓN, DISTRIBUCIÓN, ETC. |
| Lugar de publicación, distribución, etc. |
Hoboken, NJ : |
| Nombre del editor, distribuidor, etc. |
John Wiley, |
| Fecha de publicación, distribución, etc. |
2025. |
| 300 ## - DESCRIPCIÓN FÍSICA |
| Extensión |
172 pages : |
| Otras características físicas |
illustrations (black and white) ; |
| Dimensiones |
24 cm. |
| 504 ## - NOTA DE BIBLIOGRAFÍA, ETC. |
| Nota de bibliografía, etc. |
Includes bibliographical references and index. |
| 520 ## - SUMARIO, ETC. |
| Sumario, etc. |
Become a better communicator during awkward, difficult, or tense moments in the workplace In The Pause Principle: How to Keep Your Cool in Tough Situations, renowned corporate communications expert Cynthia Kane reveals her tried-and-tested SOFTEN practice to better handle awkward, difficult, or tense conversations at work by breaking free of automatic reactions including shutting down, running away, yelling, or getting passive aggressive or defensive. In this book, readers will learn how to regulate their bodily responses and emotions to arrive at peaceful and productive resolutions during even the most challenging moments at work. With Kane's help, readers have the opportunity to make a profound impact in their organizations, both interpersonally and quantitatively by reducing miscommunications and therefore corporate errors. This book explores topics such as: The fight, flight, or freeze response, and why it's actually a very effective evolution strategy in the wilderness--just not in the workplace The true financial cost of corporate miscommunication, estimated to be $4,200 per employee per year The importance of mindfulness in work and life, and its key role in calming the human nervous system during stressful situations The Pause Principle: How to Keep Your Cool in Tough Situations earns a well-deserved spot on the bookshelves of corporate leaders, executives, managers, and all individuals seeking proven strategies to smoothly navigate stressful social situations in the workplace. |
| 650 #0 - PUNTO DE ACCESO ADICIONAL DE MATERIA--TÉRMINO DE MATERIA |
| Término de materia o nombre geográfico como elemento de entrada |
Job stress |
| 9 (RLIN) |
24545 |
| 942 ## - ELEMENTOS DE ENTRADA AGREGADA (KOHA) |
| Fuente del sistema de clasificación o colocación |
Clasificación de Library of Congress |